000 00449nmm a2200157Ia 4500
008 251105s9999||||xx |||||||||||||||||und||
020 _a9789580611714
041 _aspa
100 _aMerchán G., Julián
245 0 _aNo sé cómo: ¡Maravillosa experiencia!
264 _a[Bogotá, Colombia] :
_bOveja Negra,
_c2011
300 _a65 páginas
650 _aReligion(s)
856 _uhttps://public.digitaliapublishing.com/a/19878
942 _cCF
999 _c94848
_d94848